000 00337 a2200133 4500
999 _c324937
_d324937
001 89864
003 NUST
082 _a891.4393 BAL
100 _aRabinder Nath Taigor
_91902
245 _aBalwant Singh ke bemasal afsanay
260 _aLahore
_bAl Hamd Paublications
_c2008
300 _a332p.
500 _aGeneral Books
942 _aCAE NUST
_cBK
_k891.4393 BAL
_2ddc